| 000 | 00618nam a22001937a 4500 | ||
|---|---|---|---|
| 999 |
_c100140 _d100140 |
||
| 005 | 20230530155004.0 | ||
| 010 | _aENG-115177 | ||
| 020 |
_a9789385288302 _c250.00 |
||
| 035 | _aEN-98709 | ||
| 037 | _bDBAD/PUB | ||
| 082 | _a305.56880954552 | ||
| 100 | _aDutt, Nirupama | ||
| 245 |
_aThe ballad of Bant Singh : _ba qissa of courage / _cby Nirupama Dutt |
||
| 260 |
_aNew Delhi _bSpeaking Tiger _c2016 |
||
| 270 |
_a4381/4, Ansari Road, Daryaganj, _bNew Delhi _e110002 |
||
| 300 |
_a213p. _c20cm(pbk) |
||
| 500 | _aIncludes bibliographical references | ||
| 942 |
_2ddc _cEN _mDUT _h305.56880954552 |
||